000 00479cam a2200145 4500500
005 20260208021328.0
041 _afre
042 _adc
100 1 0 _aPety, Dominique
_eauthor
245 0 0 _aIntroduction
260 _c2009.
500 _a53
786 0 _nRevue d'histoire littéraire de la France | 109 | 1 | 2009-02-17 | p. 211a-253a | 0035-2411
856 4 1 _uhttps://shs.cairn.info/revue-d-histoire-litteraire-de-la-france-2009-1-page-211a?lang=fr&redirect-ssocas=7080
999 _c1661155
_d1661155